[Event "Arab Clubs-chT 11th"]
[Site "Tunis"]
[Date "2009.12.17"]
[Round "7"]
[White "Hussein, Noah A"]
[Black "Mahdia, Farage"]
[Result "1-0"]
[WhiteElo "2377"]
[BlackElo "2123"]
[PlyCount "67"]
[EventDate "2009.12.12"]
[EventType "team-swiss"]
[EventRounds "9"]
[EventCountry "TUN"]
[SourceTitle "EXT 2020"]
[Source "ChessBase"]
[SourceDate "2019.10.17"]
[SourceVersion "1"]
[SourceVersionDate "2019.10.17"]
[SourceQuality "1"]
[WhiteTeam "Peshmerga"]
[BlackTeam "Al Dhahra Tripoli"]
[WhiteTeamCountry "IRQ"]
[BlackTeamCountry "LBY"]

1. Nf3 Nf6 2. g3 g6 3. Bg2 Bg7 4. 0-0 0-0 5. c4 d6 6. d4 Nbd7 7. Nc3 e5 8. Qc2 c6 9. Rd1 Qe7 10. b3 h6 11. e3 Ne8 12. Ba3 f5 13. dxe5 Nxe5 14. Nxe5 Qxe5 15. Rd3 Be6 16. Rad1 Rd8 17. Qd2 Rf7 18. Ne2 Rfd7 19. Nd4 Bf7 20. Bxc6 bxc6 21. Nxc6 Qf6 22. Nxd8 Rxd8 23. Bxd6 Nxd6 24. Rxd6 Rxd6 25. Qxd6 Qb2 26. Qb8+ Kh7 27. Qb7 Be6 28. Rd6 Bxc4 29. h4 Qa1+ 30. Kh2 Be2 31. Qf7 Bh5 32. Rd8 g5 33. Qg8+ Kg6 34. Rd6+ 1-0

[Event "Arab Clubs-chT 11th"]
[Site "Tunis"]
[Date "2009.12.14"]
[Round "3"]
[White "Hussein, Noah A"]
[Black "Al Oufi, Khalil"]
[Result "1-0"]
[WhiteElo "2377"]
[BlackElo "2019"]
[PlyCount "55"]
[EventDate "2009.12.12"]
[EventType "team-swiss"]
[EventRounds "9"]
[EventCountry "TUN"]
[SourceTitle "EXT 2020"]
[Source "ChessBase"]
[SourceDate "2019.10.17"]
[SourceVersion "1"]
[SourceVersionDate "2019.10.17"]
[SourceQuality "1"]
[WhiteTeam "Peshmerga"]
[BlackTeam "Mouthafi Alamana"]
[WhiteTeamCountry "IRQ"]
[BlackTeamCountry "JOR"]

1. d4 d5 2. Nf3 Nf6 3. Bg5 e6 4. Nbd2 Be7 5. e3 Nbd7 6. c3 0-0 7. Bd3 c5 8. Qb1 h6 9. h4 b6 10. Bf4 Bb7 11. Rg1 Ng4 12. h5 f5 13. Nh2 Nxh2 14. Bxh2 Nf6 15. Qc2 Nxh5 16. 0-0-0 Nf6 17. f3 Bd6 18. Bxd6 Qxd6 19. g4 f4 20. dxc5 bxc5 21. g5 hxg5 22. e4 e5 23. Rxg5 Ba6 24. Nc4 Bxc4 25. Bxc4 Qe7 26. Rxd5 Nxd5 27. Bxd5+ Rf7 28. Qg2 1-0

[Event "Arab Clubs-chT 11th"]
[Site "Tunis"]
[Date "2009.12.12"]
[Round "1"]
[White "Hussein, Noah A"]
[Black "Shobaita, Ahmed"]
[Result "1-0"]
[WhiteElo "2377"]
[BlackElo "2045"]
[PlyCount "89"]
[EventDate "2009.12.12"]
[EventType "team-swiss"]
[EventRounds "9"]
[EventCountry "TUN"]
[SourceTitle "EXT 2020"]
[Source "ChessBase"]
[SourceDate "2019.10.17"]
[SourceVersion "1"]
[SourceVersionDate "2019.10.17"]
[SourceQuality "1"]
[WhiteTeam "Peshmerga"]
[BlackTeam "Shabab Al Azoun"]
[WhiteTeamCountry "IRQ"]
[BlackTeamCountry "PLE"]

1. Nf3 g6 2. e4 Bg7 3. Bc4 d6 4. d4 Nf6 5. Qe2 0-0 6. e5 Nfd7 7. e6 Nb6 8. exf7+ Kh8 9. Bb3 Nc6 10. c3 d5 11. Ng5 e5 12. h4 h6 13. h5 Qf6 14. hxg6 Qxg6 15. g4 e4 16. f4 Nd8 17. f5 Qd6 18. Qh2 Qxh2 19. Rxh2 Nxf7 20. Nxf7+ Rxf7 21. Bxh6 Bxh6 22. Rxh6+ Rh7 23. Rxh7+ Kxh7 24. Nd2 Bd7 25. Kf2 Rg8 26. Rh1+ Kg7 27. Kg3 Rf8 28. Kf4 c6 29. Nf1 Nc8 30. Ng3 Ne7 31. Kg5 Ng8 32. Nh5+ Kf7 33. Nf4 Nf6 34. Ng6 Rg8 35. Kf4 Nxg4 36. Ne5+ Nxe5 37. dxe5 Rg2 38. Rh7+ Ke8 39. e6 Rf2+ 40. Ke5 Bxe6 41. fxe6 e3 42. Bd1 e2 43. Bxe2 Rxe2+ 44. Kd6 Kf8 45. Rxb7 1-0

[Event "Olympiad-38"]
[Site "Dresden"]
[Date "2008.11.21"]
[Round "8"]
[White "Prusikin, Michael"]
[Black "Hussein, Noah A"]
[Result "1-0"]
[WhiteElo "2538"]
[BlackElo "2338"]
[PlyCount "81"]
[EventDate "2008.11.13"]
[EventType "team-swiss"]
[EventRounds "11"]
[EventCountry "GER"]
[SourceTitle "CBM 128"]
[Source "ChessBase"]
[SourceDate "2009.01.28"]
[SourceVersion "1"]
[SourceVersionDate "2009.01.28"]
[SourceQuality "1"]
[WhiteTeam "Germany III"]
[BlackTeam "Iraq"]
[WhiteTeamCountry "GER"]
[BlackTeamCountry "IRQ"]

1. d4 d5 2. Nf3 Nf6 3. c4 dxc4 4. e3 a6 5. Bxc4 c5 6. 0-0 b5 7. Be2 e6 8. dxc5 Bxc5 9. Qxd8+ Kxd8 10. Nbd2 Nc6 11. b3 Bd7 12. Bb2 Ke7 13. Rfc1 Bd6 14. a4 Rab8 15. axb5 axb5 16. Ng5 Rhc8 17. Nde4 Bb4 18. Nc5 h6 19. Nf3 Na5 20. Nxd7 Rxc1+ 21. Rxc1 Nxd7 22. Bxg7 Ba3 23. Rc7 Bd6 24. Ra7 Nxb3 25. Ne5 Bxe5 26. Bxe5 Rb6 27. g4 b4 28. Bc7 Rc6 29. Kg2 Rc5 30. Bb6 Rc6 31. Bc7 Rc5 32. Bd1 Nd2 33. Ba5 b3 34. Bb4 Kd6 35. Rxd7+ Kxd7 36. Bxc5 b2 37. Bc2 b1Q 38. Bxb1 Nxb1 39. Bb4 Kc6 40. h4 Kd5 41. h5 1-0

[Event "Olympiad-38"]
[Site "Dresden"]
[Date "2008.11.20"]
[Round "7"]
[White "Braun, Arik"]
[Black "Hussein, Noah A"]
[Result "1/2-1/2"]
[WhiteElo "2567"]
[BlackElo "2338"]
[PlyCount "91"]
[EventDate "2008.11.13"]
[EventType "team-swiss"]
[EventRounds "11"]
[EventCountry "GER"]
[SourceTitle "CBM 128"]
[Source "ChessBase"]
[SourceDate "2009.01.28"]
[SourceVersion "1"]
[SourceVersionDate "2009.01.28"]
[SourceQuality "1"]
[WhiteTeam "Germany II"]
[BlackTeam "Iraq"]
[WhiteTeamCountry "GER"]
[BlackTeamCountry "IRQ"]

1. d4 d5 2. c4 dxc4 3. Nf3 Nf6 4. e3 a6 5. Bxc4 c5 6. 0-0 Nc6 7. dxc5 Qxd1 8. Rxd1 e6 9. Nd4 Ne5 10. Be2 Bxc5 11. b3 Bd7 12. Bb2 Nc6 13. Bf3 Rc8 14. Nd2 Bxd4 15. exd4 b5 16. d5 exd5 17. Bxf6 gxf6 18. Bxd5 Nb4 19. Bf3 Ke7 20. Ne4 Be6 21. h4 h6 22. Kf1 f5 23. Ng3 Rhd8 24. Nh5 Rxd1+ 25. Bxd1 Nd3 26. Ng7 Kf6 27. Nxe6 fxe6 28. Be2 Nc1 29. Bd1 Ke5 30. b4 Nd3 31. a4 Rc1 32. Rxc1 Nxc1 33. axb5 axb5 34. Bh5 Na2 35. g3 Kd5 36. Be8 Nc3 37. f3 e5 38. g4 fxg4 39. fxg4 Ke4 40. Bd7 Kd4 41. Bc6 e4 42. g5 hxg5 43. hxg5 Ke5 44. Kf2 Na2 45. Bxb5 Nxb4 46. g6 1/2-1/2

[Event "Olympiad-38"]
[Site "Dresden"]
[Date "2008.11.19"]
[Round "6"]
[White "Hussein, Noah A"]
[Black "Zugic, Igor"]
[Result "1-0"]
[WhiteElo "2338"]
[BlackElo "2457"]
[PlyCount "53"]
[EventDate "2008.11.13"]
[EventType "team-swiss"]
[EventRounds "11"]
[EventCountry "GER"]
[SourceTitle "CBM 128"]
[Source "ChessBase"]
[SourceDate "2009.01.28"]
[SourceVersion "1"]
[SourceVersionDate "2009.01.28"]
[SourceQuality "1"]
[WhiteTeam "Iraq"]
[BlackTeam "Canada"]
[WhiteTeamCountry "IRQ"]
[BlackTeamCountry "CAN"]

1. e4 c5 2. Nf3 d6 3. Bc4 Nf6 4. d3 Nc6 5. 0-0 e6 6. Re1 Be7 7. c3 d5 8. Bb3 0-0 9. Nbd2 b6 10. a3 a5 11. e5 Nd7 12. d4 Ba6 13. Nf1 b5 14. Bc2 c4 15. h4 h6 16. N1h2 Bxh4 17. Bb1 Re8 18. Nxh4 Qxh4 19. Re3 Nf8 20. Rh3 Qd8 21. Bxh6 gxh6 22. Ng4 Kg7 23. Nxh6 Ng6 24. Nxf7 Kxf7 25. Bxg6+ Kg7 26. Rh7+ Kg8 27. Qg4 1-0

[Event "Olympiad-38"]
[Site "Dresden"]
[Date "2008.11.16"]
[Round "4"]
[White "Hussein, Noah A"]
[Black "Del Castilho, Martyn Simon"]
[Result "1-0"]
[WhiteElo "2338"]
[BlackElo "2161"]
[PlyCount "75"]
[EventDate "2008.11.13"]
[EventType "team-swiss"]
[EventRounds "11"]
[EventCountry "GER"]
[SourceTitle "CBM 128"]
[Source "ChessBase"]
[SourceDate "2009.01.28"]
[SourceVersion "1"]
[SourceVersionDate "2009.01.28"]
[SourceQuality "1"]
[WhiteTeam "Iraq"]
[BlackTeam "Barbados"]
[WhiteTeamCountry "IRQ"]
[BlackTeamCountry "BAR"]

1. e4 e5 2. Nc3 Nf6 3. f4 d5 4. fxe5 Nxe4 5. Nf3 c5 6. Bd3 Nxc3 7. dxc3 Be7 8. 0-0 Nc6 9. Qe1 Be6 10. Qg3 Qc7 11. Qxg7 0-0-0 12. Bxh7 c4 13. Be3 Qd7 14. Ng5 Bxg5 15. Bxg5 f6 16. Qxd7+ Rxd7 17. Rxf6 Rdxh7 18. Rxe6 Rxh2 19. Rf1 Nxe5 20. Rf8+ Rxf8 21. Kxh2 Nf7 22. Bh4 Rh8 23. Kg3 a6 24. Bf6 Rg8+ 25. Kf4 Nd8 26. Re2 Kd7 27. g4 Ne6+ 28. Kf5 Nc5 29. Re7+ Kd6 30. g5 Nd7 31. Re6+ Kc7 32. g6 Nf8 33. Re7+ Kd6 34. g7 Nd7 35. Re6+ Kc7 36. Bd4 Kd8 37. a4 b5 38. Rxa6 1-0

[Event "Asian Indoor Games 2nd"]
[Site "Macau"]
[Date "2007.10.28"]
[Round "1"]
[White "Bu, Xiangzhi"]
[Black "Hussein, Noah A"]
[Result "1-0"]
[WhiteElo "2692"]
[BlackElo "2337"]
[PlyCount "51"]
[EventDate "2007.10.28"]
[EventType "team"]
[EventRounds "6"]
[EventCountry "CHN"]
[SourceTitle "EXT 2008"]
[Source "ChessBase"]
[SourceDate "2007.11.25"]
[SourceVersion "1"]
[SourceVersionDate "2007.11.25"]
[SourceQuality "1"]

1. c4 c5 2. Nf3 Nf6 3. Nc3 Nc6 4. g3 g6 5. Bg2 Bg7 6. d4 0-0 7. 0-0 d6 8. dxc5 dxc5 9. Be3 Be6 10. Qa4 Rc8 11. Rad1 Qb6 12. Nd5 Bxd5 13. cxd5 Qb4 14. Qc2 Nd4 15. Nxd4 cxd4 16. Rxd4 Qxd4 17. Qxc8 Rxc8 18. Bxd4 Nd7 19. Be3 Nb6 20. b3 Rc2 21. Rc1 Rxa2 22. Rc7 Ra1+ 23. Bf1 f5 24. Bxb6 axb6 25. Rxe7 Rb1 26. Rxb7 1-0

[Event "Asia-ch 6th"]
[Site "Cebu"]
[Date "2007.09.28"]
[Round "10"]
[White "Hussein, Noah A"]
[Black "Nadera, Barlo A"]
[Result "0-1"]
[WhiteElo "2341"]
[BlackElo "2402"]
[PlyCount "108"]
[EventDate "2007.09.19"]
[EventType "swiss"]
[EventRounds "11"]
[EventCountry "PHI"]
[SourceTitle "CBM 120 Extra"]
[Source "ChessBase"]
[SourceDate "2007.11.01"]
[SourceVersion "1"]
[SourceVersionDate "2007.11.01"]
[SourceQuality "1"]

1. e4 e6 2. d4 d5 3. exd5 exd5 4. Nf3 Bd6 5. c4 c6 6. Nc3 Ne7 7. Bd3 h6 8. 0-0 a6 9. c5 Bc7 10. Re1 0-0 11. Nh4 Ng6 12. Nf5 Qf6 13. Qg4 Be6 14. Ne2 Nd7 15. Neg3 Rae8 16. Be3 Qd8 17. Qf3 Nf6 18. h4 Nxh4 19. Qd1 Nxf5 20. Nxf5 Qd7 21. Nd6 Bxd6 22. cxd6 Qxd6 23. f3 Bc8 24. Qe2 Nh5 25. g4 Qg3+ 26. Qg2 Qxg2+ 27. Kxg2 Nf6 28. Kf2 g5 29. Rg1 Kg7 30. Bd2 Rh8 31. a4 Nd7 32. b4 Nf8 33. Rac1 Ne6 34. Be3 Bd7 35. Bf5 Nf8 36. Bd3 f6 37. f4 gxf4 38. Bxf4 Ne6 39. Be3 Ng5 40. Ke2 Re7 41. Rg3 Be8 42. Kd2 Bg6 43. b5 axb5 44. axb5 Bxd3 45. Kxd3 Re6 46. Ra1 Ne4 47. Rf3 cxb5 48. Ra5 Ra6 49. Rxb5 Ra3+ 50. Kc2 Rc8+ 51. Kb2 Rcc3 52. Rxb7+ Kg6 53. Bxh6 Rxf3 54. Bf8 Rad3 0-1

[Event "Asia-ch 6th"]
[Site "Cebu"]
[Date "2007.09.23"]
[Round "5"]
[White "Rohit, Gogineni"]
[Black "Hussein, Noah A"]
[Result "1-0"]
[WhiteElo "2470"]
[BlackElo "2341"]
[PlyCount "91"]
[EventDate "2007.09.19"]
[EventType "swiss"]
[EventRounds "11"]
[EventCountry "PHI"]
[SourceTitle "CBM 120 Extra"]
[Source "ChessBase"]
[SourceDate "2007.11.01"]
[SourceVersion "1"]
[SourceVersionDate "2007.11.01"]
[SourceQuality "1"]

1. e4 e5 2. Nf3 Nf6 3. Nxe5 d6 4. Nf3 Nxe4 5. Nc3 Nf6 6. d4 Be7 7. Bd3 0-0 8. h3 c5 9. Ne2 Nc6 10. c3 b6 11. 0-0 Bb7 12. Bf4 Re8 13. dxc5 bxc5 14. Ng3 Bf8 15. Qc2 Ne5 16. Bxe5 dxe5 17. Bb5 Re7 18. Nd2 e4 19. Nc4 a6 20. Ba4 Qc7 21. Rfe1 g6 22. Qd2 Rd8 23. Qg5 Re6 24. Rad1 Rxd1 25. Rxd1 h6 26. Qd2 Nd5 27. Re1 Nf4 28. Bc2 f5 29. Bb3 Kh7 30. Na5 Rd6 31. Qxf4 Qxa5 32. h4 h5 33. Nxf5 Rf6 34. Qb8 Qb6 35. Ne3 c4 36. Bxc4 Qxb2 37. Rf1 Qb6 38. Bb3 Bg7 39. Rd1 Rf8 40. Qd6 Qb5 41. c4 Qa5 42. c5 Qb5 43. Rd2 Rc8 44. Bf7 Qxc5 45. Qxg6+ Kh8 46. Rd5 1-0

[Event "Asia-ch 6th"]
[Site "Cebu"]
[Date "2007.09.20"]
[Round "2"]
[White "Hussein, Noah A"]
[Black "Kunte, Abhijit"]
[Result "0-1"]
[WhiteElo "2341"]
[BlackElo "2519"]
[PlyCount "68"]
[EventDate "2007.09.19"]
[EventType "swiss"]
[EventRounds "11"]
[EventCountry "PHI"]
[SourceTitle "CBM 120 Extra"]
[Source "ChessBase"]
[SourceDate "2007.11.01"]
[SourceVersion "1"]
[SourceVersionDate "2007.11.01"]
[SourceQuality "1"]

1. e4 c5 2. f4 e6 3. d3 d5 4. Nd2 Nc6 5. Ngf3 g6 6. c3 Bg7 7. e5 f6 8. d4 fxe5 9. fxe5 Nge7 10. Bb5 0-0 11. 0-0 cxd4 12. cxd4 Bd7 13. Bxc6 Bxc6 14. Re1 h6 15. Nf1 Be8 16. Ne3 g5 17. h3 Bg6 18. Qb3 Nc6 19. Qxb7 Qe8 20. Rd1 Be4 21. Nh2 Rb8 22. Qa6 Rb4 23. Nhg4 h5 24. Nf6+ Rxf6 25. exf6 Bxf6 26. Bd2 Rb6 27. Qa4 Bxd4 28. Re1 Rxb2 29. Rad1 Bc2 30. Qa3 Bxd1 31. Rxd1 Qg6 32. Bc1 Qc2 33. Rxd4 Qxc1+ 34. Rd1 Rxg2+ 0-1

[Event "Olympiad-37"]
[Site "Turin"]
[Date "2006.05.27"]
[Round "6"]
[White "Hussein, Noah A"]
[Black "Wong, Meng Kong"]
[Result "0-1"]
[WhiteElo "2334"]
[BlackElo "2459"]
[PlyCount "84"]
[EventDate "2006.05.21"]
[EventType "team-swiss"]
[EventRounds "13"]
[EventCountry "ITA"]
[SourceTitle "CBM 113"]
[Source "ChessBase"]
[SourceDate "2006.07.31"]
[SourceVersion "1"]
[SourceVersionDate "2006.07.31"]
[SourceQuality "1"]
[WhiteTeam "Iraq"]
[BlackTeam "Singapore"]
[WhiteTeamCountry "IRQ"]
[BlackTeamCountry "SIN"]

1. e4 d5 2. exd5 Qxd5 3. Nc3 Qd6 4. d4 Nf6 5. Bc4 a6 6. Nge2 Qc6 7. Bb3 Qxg2 8. Rg1 Qc6 9. Qd3 b5 10. Bf4 Qb7 11. 0-0-0 g6 12. Ng3 Bg7 13. Rde1 Nc6 14. Nd5 0-0 15. Nxf6+ exf6 16. Nh5 Na5 17. Nxg7 Nxb3+ 18. Qxb3 Kxg7 19. Re7 Bf5 20. d5 Qb6 21. Qe3 Qxe3+ 22. fxe3 Rfd8 23. Rd1 Re8 24. Rxc7 g5 25. Bd6 Rxe3 26. Be7 Rc8 27. Rxc8 Bxc8 28. Bc5 Re2 29. d6 Bd7 30. Rd2 Re1+ 31. Rd1 Rxd1+ 32. Kxd1 Kg6 33. Kd2 f5 34. Bb6 f4 35. Kd3 Kf5 36. Kd4 g4 37. b3 g3 38. hxg3 fxg3 39. Kd5 b4 40. Ba5 h5 41. Bxb4 h4 42. Be1 Kf4 0-1

[Event "Olympiad-37"]
[Site "Turin"]
[Date "2006.05.25"]
[Round "5"]
[White "Hussein, Noah A"]
[Black "Russell, MKA"]
[Result "1-0"]
[WhiteElo "2334"]
[BlackElo "2228"]
[PlyCount "105"]
[EventDate "2006.05.21"]
[EventType "team-swiss"]
[EventRounds "13"]
[EventCountry "ITA"]
[SourceTitle "CBM 113"]
[Source "ChessBase"]
[SourceDate "2006.07.31"]
[SourceVersion "1"]
[SourceVersionDate "2006.07.31"]
[SourceQuality "1"]
[WhiteTeam "Iraq"]
[BlackTeam "Sri Lanka"]
[WhiteTeamCountry "IRQ"]
[BlackTeamCountry "SRI"]

1. Nf3 Nf6 2. g3 d5 3. Bg2 c6 4. 0-0 Bg4 5. b3 Nbd7 6. Bb2 e6 7. d3 Bc5 8. Nbd2 Qc7 9. e4 dxe4 10. dxe4 e5 11. h3 Bh5 12. Qe2 0-0 13. a4 Rfe8 14. Rfd1 a5 15. g4 Bg6 16. Ne1 Bd4 17. c3 Ba7 18. Nd3 Nc5 19. Nxc5 Bxc5 20. Nc4 Red8 21. b4 axb4 22. cxb4 Bd4 23. a5 Qe7 24. g5 Nh5 25. Bxd4 exd4 26. Qd2 f6 27. h4 fxg5 28. hxg5 Rf8 29. Qxd4 Rae8 30. Qc5 Qe6 31. f3 Nf4 32. Nd6 Rd8 33. Nxb7 Rxd1+ 34. Rxd1 Nxg2 35. Rd8 Rxd8 36. Nxd8 Qa2 37. Qf2 Qb1+ 38. Kxg2 Qxb4 39. Nxc6 Qb5 40. Qc2 Qxg5+ 41. Kf2 Qh4+ 42. Ke3 Qg5+ 43. Kd4 Be8 44. Qc4+ Kh8 45. Qe6 Qd2+ 46. Kc5 Qe3+ 47. Kd6 Qa3+ 48. Kc7 Qf8 49. Qe7 Qf4+ 50. Ne5 Qc1+ 51. Kd8 Qd1+ 52. Kxe8 Qa4+ 53. Kf8 1-0

[Event "Arab-ch"]
[Site "Dubai"]
[Date "2005.09.15"]
[Round "4"]
[White "Hussein, Noah A"]
[Black "Tissir, Mohamed"]
[Result "0-1"]
[WhiteElo "2339"]
[BlackElo "2444"]
[PlyCount "90"]
[EventDate "2005.09.12"]
[EventType "swiss"]
[EventRounds "9"]
[EventCountry "UAE"]
[SourceTitle "CBM 108 Extra"]
[Source "ChessBase"]
[SourceDate "2005.11.04"]
[SourceVersion "1"]
[SourceVersionDate "2005.11.04"]
[SourceQuality "1"]

1. d4 e6 2. e4 c5 3. d5 exd5 4. exd5 d6 5. Nf3 Nf6 6. Nc3 Be7 7. Be2 0-0 8. 0-0 Na6 9. Re1 Nc7 10. Ng5 Rb8 11. a4 b6 12. Nge4 Bb7 13. Nxf6+ Bxf6 14. Bf3 Be5 15. Ne2 Qh4 16. Ng3 Rbe8 17. Re4 Qd8 18. c4 f5 19. Re1 Qh4 20. Be2 Bd4 21. Nh1 Be5 22. g3 Qf6 23. Qc2 Na6 24. Ra3 Nb4 25. Qb1 Bd4 26. h4 h6 27. h5 Ba6 28. Be3 Bxb2 29. Rb3 Bc3 30. Rd1 Be5 31. Bc1 f4 32. Rf3 Bc8 33. Bxf4 Bf5 34. Bxe5 Qxe5 35. Rxf5 Rxf5 36. g4 Rf4 37. Ng3 Ref8 38. Rf1 Qd4 39. Nf5 R8xf5 40. gxf5 Qf6 41. Qb3 Rxf5 42. Bg4 Rg5 43. Qg3 Qd4 44. Qb3 Qf6 45. f3 Qd4+ 0-1

[Event "Arab-ch"]
[Site "Dubai"]
[Date "2005.09.14"]
[Round "3"]
[White "Mohammad, Samir"]
[Black "Hussein, Noah A"]
[Result "0-1"]
[WhiteElo "2312"]
[BlackElo "2339"]
[PlyCount "113"]
[EventDate "2005.09.12"]
[EventType "swiss"]
[EventRounds "9"]
[EventCountry "UAE"]
[SourceTitle "CBM 108 Extra"]
[Source "ChessBase"]
[SourceDate "2005.11.04"]
[SourceVersion "1"]
[SourceVersionDate "2005.11.04"]
[SourceQuality "1"]

1. d4 d5 2. c4 dxc4 3. Nf3 c5 4. e3 cxd4 5. exd4 Be6 6. Nc3 Nf6 7. Ne5 Nc6 8. Nxc6 bxc6 9. Qa4 Qd7 10. Bxc4 Bxc4 11. Qxc4 e6 12. 0-0 Be7 13. Be3 0-0 14. Rac1 Rfc8 15. Rc2 Nd5 16. Ne4 Nb4 17. Rd2 Qd5 18. Qxd5 cxd5 19. Nc3 Rc7 20. Rfd1 Rac8 21. Kf1 g5 22. g4 Kg7 23. f4 gxf4 24. Bxf4 Rb7 25. Ke2 Nc6 26. Na4 f6 27. Bg3 Kf7 28. b3 Rb4 29. Rd3 h5 30. gxh5 Rh8 31. Be1 Rbb8 32. Rc3 Rbc8 33. Bf2 Nb4 34. Rdc1 Rxc3 35. Nxc3 Rxh5 36. a3 Nc6 37. b4 Rxh2 38. Nb5 a6 39. Rxc6 axb5 40. Rb6 f5 41. Rb7 e5 42. dxe5 Ke6 43. Kf1 Rh3 44. Bd4 f4 45. Rxb5 Rxa3 46. Rb8 Kf5 47. Re8 Bxb4 48. e6 Rd3 49. Bb6 Rd1+ 50. Kf2 Ke4 51. e7 Rd2+ 52. Kg1 Kf3 53. Bc7 Rg2+ 54. Kh1 Rg7 55. Bxf4 Bxe7 56. Bh2 Rh7 57. Rc8 0-1

[Event "Beirut zt 3.1"]
[Site "Beirut"]
[Date "2004.12.20"]
[Round "8"]
[White "Hussein, Noah A"]
[Black "Al Modiahki, Mohamad"]
[Result "0-1"]
[WhiteElo "2349"]
[BlackElo "2577"]
[PlyCount "78"]
[EventDate "2004.12.14"]
[EventType "swiss"]
[EventRounds "9"]
[EventCountry "LBN"]
[SourceTitle "CBM 103 Extra"]
[Source "ChessBase"]
[SourceDate "2005.01.01"]
[SourceVersion "1"]
[SourceVersionDate "2005.01.01"]
[SourceQuality "1"]

1. e4 c5 2. c3 Nf6 3. e5 Nd5 4. d4 cxd4 5. Nf3 e6 6. cxd4 b6 7. Nc3 Nxc3 8. bxc3 Qc7 9. Bd2 Bb7 10. Bd3 d6 11. 0-0 Nd7 12. Bf4 Be7 13. Re1 0-0 14. Qc2 g6 15. exd6 Bxd6 16. Bxd6 Qxd6 17. Be4 Bd5 18. Qd2 Rac8 19. Rac1 Rfd8 20. Qh6 Qf8 21. Qh4 Bxe4 22. Rxe4 Qg7 23. Re3 Nf6 24. Ne5 g5 25. Qg3 Rxd4 26. Rf1 Rf4 27. Nd3 Rfc4 28. f4 Nd5 29. Re5 gxf4 30. Qh3 Rxc3 31. Qh5 h6 32. Rxd5 exd5 33. Qxd5 Qg5 34. Ne5 Qf5 35. Qd4 Rc1 36. Nd7 Rxf1+ 37. Kxf1 Rc1+ 38. Kf2 Qc2+ 39. Kf3 Rf1+ 0-1

[Event "Beirut zt 3.1"]
[Site "Beirut"]
[Date "2004.12.19"]
[Round "7"]
[White "Najjar, Ahmad"]
[Black "Hussein, Noah A"]
[Result "0-1"]
[WhiteElo "2337"]
[BlackElo "2349"]
[PlyCount "86"]
[EventDate "2004.12.14"]
[EventType "swiss"]
[EventRounds "9"]
[EventCountry "LBN"]
[SourceTitle "CBM 103 Extra"]
[Source "ChessBase"]
[SourceDate "2005.01.01"]
[SourceVersion "1"]
[SourceVersionDate "2005.01.01"]
[SourceQuality "1"]

1. Nf3 Nf6 2. c4 c6 3. Nc3 d5 4. e3 a6 5. d4 b5 6. b3 Bg4 7. Be2 e6 8. 0-0 Nbd7 9. h3 Bh5 10. Nd2 Bg6 11. Bf3 Bb4 12. Bb2 0-0 13. a3 Ba5 14. Rc1 Rc8 15. Re1 dxc4 16. bxc4 e5 17. Na2 exd4 18. exd4 Nc5 19. dxc5 Bxd2 20. Nb4 Bxe1 21. Qxe1 Re8 22. Qc3 Be4 23. Nxa6 bxc4 24. Bg4 Ra8 25. Rd1 Qe7 26. Qxc4 Bd5 27. Qd3 Rad8 28. Qc3 h5 29. Bf5 Qe2 30. Rd3 Qe1+ 31. Kh2 Qxc3 32. Bxc3 Ne4 33. Nc7 Re7 34. Nxd5 Rxd5 35. Rxd5 cxd5 36. Bb4 Rc7 37. Bxe4 dxe4 38. Kg3 g5 39. f4 h4+ 40. Kg4 e3 41. fxg5 e2 42. Kxh4 Rxc5 43. Kg3 Rf5 0-1